|
|
|
|
| LEADER |
00000cas a2200000 a 4500 |
| 001 |
vtls001321018 |
| 003 |
SK-MaSNL |
| 005 |
20260228155648.0 |
| 008 |
180810c18761918xo ar p 0 0 0hun |
| 035 |
|
|
|a SNK000273668
|
| 040 |
|
|
|a SNK
|b slo
|c SNK
|e AACR2
|
| 041 |
0 |
|
|a hun
|
| 043 |
|
|
|a e-xo---
|
| 044 |
|
|
|a xo
|c SK
|
| 072 |
|
7 |
|a 373.5/.6
|x Stredné školy
|2 konspekt
|
| 080 |
|
|
|a 373.5
|2 2011
|
| 080 |
|
|
|a (437.641)
|2 2011
|
| 080 |
|
|
|a 050
|2 2011
|
| 080 |
|
|
|a (047.1)
|2 2011
|
| 245 |
0 |
2 |
|a A trsztenai kir. kath. gymnasium értesítvénye az ... tanévről
|
| 246 |
1 |
3 |
|a Trsztenai kir. kath. gymnasium évi értesítője az ... tanévről
|
| 246 |
1 |
3 |
|a Trsztenai királyi kath. gymnasium ... évi értesítője az ... tanévről
|
| 246 |
1 |
3 |
|a Trsztenai királyi kath. gimnázium ... értesítője az ... iskolai évről
|
| 260 |
|
|
|a Trsztena
|b Királyi Katholikus Gymnasium
|c 1876-1918
|
| 300 |
|
|
|a 43 zv.
|
| 310 |
|
|
|a 1x ročne
|
| 362 |
0 |
|
|a 1875/76 - 1917/18
|z SKP
|
| 500 |
|
|
|a Súčasťou názvových údajov je označenie roku
|
| 650 |
0 |
7 |
|a gymnáziá
|2 SNKPH
|9 16386
|
| 651 |
|
7 |
|a Trstená (Slovensko)
|2 SNKPHgeo
|9 170148
|
| 655 |
|
7 |
|a výročné správy
|2 SNKPH
|9 70580
|
| 752 |
|
|
|a Slovensko
|d Trstená
|
| 780 |
0 |
0 |
|t Trsztenai kir. kath. reálgymnasium értesítvénye ...
|
| 785 |
0 |
0 |
|t Výročná zpráva Bernolákovho štátneho reálného gymnázia v Trstenej za školský rok ...
|
| 850 |
|
|
|a Slovenská národná knižnica v Martine
|
| 910 |
|
|
|a snk
|
| 958 |
|
|
|a ONDV
|
| 999 |
|
|
|c 123
|d 123
|
| 952 |
|
|
|0 0
|1 0
|4 0
|7 0
|a SNK
|b SNK
|d 1998-02-16
|l 0
|o snkČSC 196/1906-1907
|p 17A0123408
|r 2005-01-02 00:00:00
|w 2026-02-21
|y PREZ
|
| 952 |
|
|
|0 0
|1 0
|4 0
|7 0
|a SNK
|b SNK
|d 1998-02-16
|l 0
|o snkČSC 196/1906-1907 D1
|p 17A0121434
|r 2005-01-02 00:00:00
|w 2026-02-21
|y PREZ
|
| 952 |
|
|
|0 0
|1 0
|4 0
|7 0
|a SNK
|b SNK
|d 1998-02-16
|l 0
|o snkČSC 196/1910-1911
|p 17A0123525
|r 2005-01-02 00:00:00
|w 2026-02-21
|y PREZ
|
| 952 |
|
|
|0 0
|1 0
|4 0
|7 0
|a SNK
|b SNK
|d 1998-02-16
|l 0
|o snkČSC 196/1910-1911 D1
|p 17A0120732
|r 2005-01-02 00:00:00
|w 2026-02-21
|y PREZ
|
| 952 |
|
|
|0 0
|1 0
|4 0
|7 0
|a SNK
|b SNK
|d 1998-02-16
|l 0
|o snkČSC 196/1914-1915
|p 17A0123409
|r 2005-01-02 00:00:00
|w 2026-02-21
|y PREZ
|
| 952 |
|
|
|0 0
|1 0
|4 0
|7 0
|a SNK
|b SNK
|d 1998-02-16
|l 0
|o snkČSC 196/1914-1915 D1
|p 17A0123112
|r 2005-01-02 00:00:00
|w 2026-02-21
|y PREZ
|
| 952 |
|
|
|0 0
|1 0
|4 0
|7 0
|a SNK
|b SNK
|d 1998-02-16
|l 0
|o snkČSC 196/1916-1917
|p 17A0119567
|r 2005-01-02 00:00:00
|w 2026-02-21
|y PREZ
|
| 952 |
|
|
|0 0
|1 0
|4 0
|7 0
|a SNK
|b SNK
|d 1998-02-16
|l 0
|o snkČSC 196/1916-1917 D1
|p 17A0121467
|r 2005-01-02 00:00:00
|w 2026-02-21
|y PREZ
|
| 952 |
|
|
|0 0
|1 0
|4 0
|7 0
|a SNK
|b SNK
|d 1998-02-16
|l 0
|o snkČSC 196/42/1910-1911 D2
|p 17A0120733
|r 2005-01-02 00:00:00
|w 2026-02-21
|y PREZ
|
| 952 |
|
|
|0 0
|1 0
|4 0
|7 0
|a SNK
|b SNK
|d 1998-02-16
|l 0
|o snkČSC 196/46/1914-1915 D2
|p 17A0121484
|r 2005-01-02 00:00:00
|w 2026-02-21
|y PREZ
|
| 952 |
|
|
|0 0
|1 0
|4 0
|7 0
|8 5
|a SNK
|b SNK
|d 1999-03-16
|i snkF 446/99
|l 0
|o snkČSC 196/1916/1917 D2
|p 17A0141064
|r 2005-01-02 00:00:00
|w 2026-02-21
|y PREZ
|